Dark room / (Record no. 1279)
[ view plain ]
| 000 -LEADER | |
|---|---|
| campo de control de longitud fija | 01164nam a22002177a 4500 |
| 008 - DATOS DE LONGITUD FIJA--INFORMACIÓN GENERAL | |
| campo de control de longitud fija | 170923s2005 ag||||| |||| 00| 0 spa d |
| 020 ## - NÚMERO INTERNACIONAL ESTÁNDAR DEL LIBRO | |
| Número Internacional Estándar del Libro | 9874397764 |
| 082 04 - NÚMERO DE LA CLASIFICACIÓN DECIMAL DEWEY | |
| Número de clasificación | 709.040.755 |
| Número de ítem | L153d |
| 100 1# - ENTRADA PRINCIPAL--NOMBRE DE PERSONA | |
| Nombre de persona | Laddaga, Reinaldo. |
| 9 (RLIN) | 5969 |
| 245 10 - MENCIÓN DEL TÍTULO | |
| Título | Dark room / |
| Mención de responsabilidad, etc. | Reinaldo Laddaga ; traducción por Jane Brodie. |
| 250 ## - MENCION DE EDICION | |
| Mención de edición | 1a edición. |
| 260 ## - PUBLICACIÓN, DISTRIBUCIÓN, ETC. | |
| Lugar de publicación, distribución, etc. | Buenos Aires, Argentina : |
| Nombre del editor, distribuidor, etc. | Fundación Espigas, |
| Fecha de publicación, distribución, etc. | 2005. |
| 300 ## - DESCRIPCIÓN FÍSICA | |
| Extensión | 68 páginas. |
| 500 ## - NOTA GENERAL | |
| Nota general | Dark Room es una instalación-video-performance por Roberto Jacoby, la cual fue presentada en la Galería Belleza en Argentina en el 2002. |
| 505 0# - NOTA DE CONTENIDO CON FORMATO | |
| Título | La vida observada, sobre Dark Room de Roberto Jacoby / Life observed, on Roberto Jacoby's Dark Room |
| Mención de responsabilidad | Reinaldo Laddaga. |
| Título | Acerca del Dark Room / About Dark Room |
| -- | Roberto Jacoby (y sus vidas sucesivas o simúltaneas) / Roberto Jacoby (and his consecutive or simultaneous lives |
| Mención de responsabilidad | Ana Longini y Daniela Lucena. |
| Título | Escrito sobre y de Roberto Jacoby / Writings on Roberto Jacoby |
| Mención de responsabilidad | Ana Longini y Julia Risler. |
| 653 10 - TÉRMINO DE INDIZACIÓN--NO CONTROLADO | |
| Término no controlado | Arte contemporáneo |
| 653 10 - TÉRMINO DE INDIZACIÓN--NO CONTROLADO | |
| Término no controlado | Arte - Argentina |
| 653 10 - TÉRMINO DE INDIZACIÓN--NO CONTROLADO | |
| Término no controlado | Videoarte |
| 653 10 - TÉRMINO DE INDIZACIÓN--NO CONTROLADO | |
| Término no controlado | Instalación - Performance |
| 653 10 - TÉRMINO DE INDIZACIÓN--NO CONTROLADO | |
| Término no controlado | Biografías artísticas |
| Estatus retirado | Estado de pérdida | Fuente del sistema de clasificación o colocación | Estado de daño | No para préstamo | Biblioteca de origen | Biblioteca actual | Ubicación en estantería | Fecha de adquisición | Total de préstamos | Signatura topográfica completa | Código de barras | Visto por última vez | Precio de reemplazo | Tipo de ítem Koha |
|---|---|---|---|---|---|---|---|---|---|---|---|---|---|---|
| Clasificación Decimal Dewey | Biblioteca LadoV | Biblioteca LadoV | 23/09/2017 | 709.040.755 L153d | 003932 | 23/09/2017 | 23/09/2017 | Material 01 |
